00349nam a2200133Ia 4500008004100000041000800041082001700049100002400066245002900090260004300119300001200162365001200174650002900186210719s1996 xx 000 0 und d aeng a820.301 MODW aMODY (Jehangir R P) aWriting the short story. aAllahabadbBetter yourself booksc1996 a216bPB b250cRs aIndian English Criticism